000 00818nam a2200265Ia 4500
003 OSt
005 20220930202343.0
006 a|||||r|||| 00| 0
007 ta
008 220926b |||||||| |||| 00| 0 hin d
024 _a91119
037 _cDissertations
040 _aCRL
_cCRL
_bhin
041 _2hin
_ahin
100 _aPandey Upendra Kumar
_9528526
110 _aUniversity of Delhi. Faculty of Arts. Department of Hindi
245 0 _aMeeran ki kavita ke vividh pathon ka vishleshan
260 _c2007
300 _a130p
_ccm.
650 _aHINDI LITERATURE
_923866
700 _a Dr. Puran Chand Tandon Gu.
_9528444
700 _aUniversity of Delhi. Faculty of Arts. Department of Hindi
942 _cDIS
_2CC
999 _c903086
_d903086